Liquid crystals today

Bibliographic Details
Corporate Author: International Liquid Crystal Society
Format: Electronic Journal
Language:English
Published: London ; New York : Taylor & Francis
Subjects:
Online Access:Full text available from Research Library: 07/01/2018 to present

MARC

LEADER 00000nas a2200000 a 4500
001 ssj0017256
003 WaSeSS
005 20200512172242.0
006 m d
007 cr n
008 000207c19919999enkqx pss 0 a0eng c
010 |a  00227367  
015 |a GBA604924  |2 bnb 
016 7 |a 013356977  |2 Uk 
022 |a 1464-5181  |l 1358-314X  |y 1358-314X 
035 |a (WaSeSS)ssj0017256 
040 |a CSL  |b eng  |e pn  |c CSL  |d EYM  |d OCLCQ  |d EYM  |d OCLCQ  |d F#A  |d GUA  |d OCLCQ  |d UKMGB  |d MYG  |d OCLCQ  |d OCLCF  |d OCLCQ  |d NLE  |d VT2  |d DLC  |d SFB  |d WaSeSS 
042 |a pcc 
050 0 0 |a QD923 
082 0 4 |a 530.429 
130 0 |a Liquid crystals today (Online) 
245 1 0 |a Liquid crystals today  |h [electronic resource]. 
260 |a London ;  |a New York :  |b Taylor & Francis 
310 |a Four issues per year 
362 1 |a Began with vol. 1, no. 1 (Jan. 1991). 
506 |a License restrictions may limit access. 
538 |a Mode of access: World Wide Web. 
550 |a Newsletter of the International Liquid Crystal Society. 
588 |a Description based on: Vol. 7, issue 1 (1997); title from contents screen (Taylor & Francis Online, viewed Aug. 27, 2012). 
588 |a Latest issue consulted: Vol. 28, issue 2 (2019) (SpringerLink website, viewed Sept. 9, 2019). 
650 0 |a Liquid crystals  |v Periodicals. 
650 7 |a Liquid crystals.  |2 fast  |0 (OCoLC)fst00999541 
655 0 |a Electronic journals. 
710 2 |a International Liquid Crystal Society. 
776 0 8 |i Print version:  |t Liquid crystals today  |x 1358-314X  |w (OCoLC)33387673 
850 |a DLC 
856 4 0 |z Full text available from Research Library: 07/01/2018 to present  |u https://search.proquest.com/publication/186325